000
00361nam a2200133Ia 4500
008
100328s9999 xx 000 0 und d
082
_b
3142
100
_a
गांधीजी
245
_a
सर्वोदय
260
_b
उपायाय मार्तएड
630
_a
सर्वोदय
730
_a
सर्वोदय
942
_c
BOOK
999
_c
499294
_d
499291